|
|
|
|
| LEADER |
00000nam0a2200000 4500 |
| 001 |
210737 |
| 005 |
20231031192206.0 |
| 035 |
|
|
|a (RuTPU)RU\TPU\book\230167
|
| 090 |
|
|
|a 210737
|
| 100 |
|
|
|a 20120301d1978 k y0rusy50 ca
|
| 101 |
0 |
|
|a rus
|
| 102 |
|
|
|a RU
|
| 105 |
|
|
|a a z 000zy
|
| 200 |
1 |
|
|a Закон сохранения и превращения энергии
|f У. И. Франкфурт
|
| 210 |
|
|
|a Москва
|c Наука
|d 1978
|
| 215 |
|
|
|a 192 с.
|c ил.
|
| 225 |
1 |
|
|a История науки и техники
|
| 610 |
1 |
|
|a энергия
|
| 610 |
1 |
|
|a закон превращения
|
| 610 |
1 |
|
|a закон сохранения энергии
|
| 610 |
1 |
|
|a применение
|
| 610 |
1 |
|
|a элементарные частицы
|
| 610 |
1 |
|
|a 17 век
|
| 610 |
1 |
|
|a 18 век
|
| 675 |
|
|
|a 536.72
|v 3
|
| 700 |
|
1 |
|a Франкфурт
|b У. И.
|g Ушер Иойнович
|
| 712 |
0 |
2 |
|a Академия наук СССР (АН СССР)
|2 stltpush
|3 (RuTPU)RU\TPU\col\722
|
| 801 |
|
1 |
|a RU
|b 63413507
|c 20120301
|
| 801 |
|
2 |
|a RU
|b 63413507
|c 20120313
|g RCR
|
| 942 |
|
|
|c BK
|